Muftianay / (Record no. 31978)

000 -LEADER
fixed length control field 00208nam a22001097a 4500
003 - CONTROL NUMBER IDENTIFIER
control field Nust
005 - DATE AND TIME OF LATEST TRANSACTION
control field 20170112121902.0
008 - FIXED-LENGTH DATA ELEMENTS--GENERAL INFORMATION
fixed length control field 170112b xxu||||| |||| 00| 0 eng d
040 ## - CATALOGING SOURCE
Transcribing agency C
082 ## - DEWEY DECIMAL CLASSIFICATION NUMBER
Classification number 297.4
100 ## - MAIN ENTRY--PERSONAL NAME
Personal name Mufti, Mumtaz
245 ## - TITLE STATEMENT
Title Muftianay /
Statement of responsibility, etc. Mumtaz Mufti
260 ## - PUBLICATION, DISTRIBUTION, ETC.
Place of publication, distribution, etc. Lahore
Name of publisher, distributor, etc. Al faisal
Date of publication, distribution, etc. 2008.
300 ## - PHYSICAL DESCRIPTION
Extent 782
500 ## - GENERAL NOTE
General note Hardcover.
942 ## - ADDED ENTRY ELEMENTS (KOHA)
Koha item type Book
Source of classification or shelving scheme
Holdings
Withdrawn status Lost status Source of classification or shelving scheme Damaged status Not for loan Permanent Location Current Location Date acquired Full call number Barcode Date last seen Price effective from Koha item type
  Write Off       School of Mechanical & Manufacturing Engineering (SMME) School of Mechanical & Manufacturing Engineering (SMME) 07/14/2015 297.4 MUM SMME-540 03/28/2018 07/14/2015 Book
© 2023 Central Library, National University of Sciences and Technology. All Rights Reserved.